00671nam a2200205Ia 450000100060000000800390000604100080004508200120005310000260006524500700009125000120016126000390017330000190021265300200023165300130025165300200026494200120028495201520029699900170044862020080101n ii |||gr||||Z||||||asm aasm a891.414 aBoro, Tarun,eAuthor. 0aBoro Jatiya Uttaranar EtibrittacBy Tarun BorohTextual Documents aist ed. aGuwahati:bSpandan Prakash,c2012. apg 104:c23cm. aAssamese Essays aAssamese aDeptt- Assamese 2ddccBK 001040708General aSKBLbSKBLcDeptt- Assamesed2008-01-01f00000g100.00l0o891.414 Ba 268 Bap6286/Asr2024-01-14 00:00:00t1w2008-01-01yBK c63128d63128